000
00272 a2200085 4500
020
_a
9781631592966
100
_a
Leatrice Eiseman
245
_a
The Complete Color Harmony, Pantone Edition: Expert Color Information for Professional Results
260
_b
Rockport Publishers
_c
2017
999
_c
13263
_d
13263